Couleurs du Master Mind (mort subite) - Statistiques

Statistiques générales
  • Ce quiz a été pris 74 fois
  • Le résultat moyen est 4 sur 8
Answers on the Grid
Answers color-coded by a green-red scale on the quiz's grid according to % correct below.
Blanc
Rose
Noir
Gris
Bleu
Mauve
Marron
Violet
Rouge
Vert
Orange
Jaune
 
Statistiques - réponses
Réponse % Correct
Blanc
88%
Jaune
62%
Rouge
62%
Bleu
58%
Vert
58%
Orange
46%
Noir
42%
Marron
21%
Aucun quiz correspondant
Distribution des résultats
% des personnes avec chaque résultat
Percentile par nombre de réponses
Votre historique - résultats
Vous n’avez pas pris ce quiz